Loading...
| History - World | 0 | 6 | 0 | 0 | 60 | 79 | 98.17 | 0 | 2 |
| History - European | 0 | 4 | 0 | 2 | 40 | 92 | 118.75 | 0 | 0 |
| Social Science - Psychology | 0 | 2 | 0 | 0 | 20 | 113 | 123.50 | 0 | 0 |
| Art - Visual | 0 | 1 | 0 | 0 | 10 | 94 | 94.00 | 0 | 1 |
| Current Events/Modern World - United States political | 0 | 1 | 0 | 0 | 10 | 114 | 114.00 | 0 | 1 |
| Geography - Non-U.S. Americas | 0 | 1 | 0 | 0 | 10 | 136 | 136.00 | 0 | 0 |
| History - American | 0 | 2 | 2 | 0 | 10 | 63 | 74.50 | 0 | 1 |
| Current Events/Modern World - United States social | 0 | 1 | 0 | 0 | 10 | 143 | 143.00 | 0 | 1 |
| History - European | 0 | 1 | 0 | 0 | 10 | 118 | 118.00 | 0 | 0 |
| Art - Painting/Sculpture | 0 | 1 | 0 | 0 | 10 | 140 | 140.00 | 0 | 0 |
| Literature - European long fiction | 0 | 1 | 0 | 1 | 10 | 134 | 134.00 | 0 | 0 |
| Other Academic/Cross-Category - Any | 0 | 1 | 0 | 0 | 10 | 118 | 118.00 | 0 | 0 |
| Philosophy - 20th century | 0 | 1 | 0 | 0 | 10 | 142 | 142.00 | 0 | 0 |
| Philosophy - Mixed/Any | 0 | 1 | 0 | 0 | 10 | 140 | 140.00 | 0 | 0 |
| Science - Chemistry | 0 | 1 | 0 | 0 | 10 | 143 | 143.00 | 0 | 0 |
| Social Science - Economics | 0 | 1 | 0 | 0 | 10 | 131 | 131.00 | 0 | 0 |
| Social Science - Sociology | 0 | 1 | 1 | 0 | 5 | 111 | 111.00 | 0 | 0 |
| History - Other | 0 | 1 | 1 | 0 | 5 | 90 | 90.00 | 0 | 1 |
| Science - Physics | 0 | 0 | 0 | 0 | 0 | 0.00 | 0 | 0 | |
| Philosophy - Medieval | 0 | 0 | 0 | 0 | 0 | 0.00 | 0 | 0 | |
| History - American | 0 | 0 | 1 | 0 | -5 | 0.00 | 0 | 0 | |
| Social Science - Linguistics | 0 | 0 | 1 | 0 | -5 | 0.00 | 0 | 0 | |
| Science - Biology | 0 | 0 | 1 | 0 | -5 | 0.00 | 0 | 0 |